000 01299nam0a2200361 4500
001 RU\NLR\BIBL_A\016336979
005 20230504102900.0
010 _a978-5-04-175781-6
_95000
021 _aRU
_bКН-П-23-014520
_9КН-П-23-1439
035 _a(NLR Aleph) 016336979
035 _a(RuMoRGB)011637064
090 _a13079198
_c13079198
100 _a20230407d2023 u y0rusy50 ca
101 1 _arus
_ceng
102 _aRU
105 _aa|||z|||000ay
181 0 _ai
_baxxe
182 0 _an
200 1 _aЕсли случится чудо
_fЛ. Дж. Шэн
_g[перевод с английского В. Коновой]
203 _aТекст
_bвизуальный
_cнепосредственный
210 _aМосква
_cFreedom
_cЭксмо
_d2023
215 _a412, [2] с.
_d21
225 1 _aFreedom
_iИнтернет-бестселлеры Л. Дж. Шэн
320 _aДр. произведения авт. на 2-й с.
333 _a18+
675 _a821.111(73)-31
_v4
686 1 _aШ6(7США)67-440.4{Лх1979-50}
700 1 _7ca
_8rus
_aШэн
_bЛ. Д.
_gЛи Дж.
_9227204
_3RU\NLR\AUTH\770227260
942 _cBOOK
980 _aNB